000 00371nam a2200145Ia 4500
008 230917s9999||||xx |||||||||||||| ||und||
040 _e139811
_aMAIN
041 _aEnglish
082 _a783 S77S:S
100 _aSharma, K C
245 0 _aSurdasa: A critical study of his life and work
260 _aDelhi
_bEastern Book Linkers
_c1997
300 _a242 p.
942 _cBK
999 _c98611
_d98611